Investment

Enregistré dans:
Détails bibliographiques
Auteur principal: Jorgenson, Dale W.
Format: Livre
Langue:anglais
Publié: Cambridge The MIT Press 1996
Édition:1. ed.
Sujets:
Tags: Ajouter un tag
Pas de tags, Soyez le premier à ajouter un tag!

MARC

LEADER 00000nam a2200000 4500
001 c014777
005 20221205125332.6
020 |a 0-262-10057-6 
041 0 |a eng 
044 |a US 
245 1 0 |a Investment  |c Dale W. Jorgenson 
250 |a 1. ed. 
264 1 |a Cambridge  |b The MIT Press  |c 1996 
300 |a 468 s. 
610 2 0 |a investície kapitálové 
610 2 0 |a ceny 
610 2 0 |a dane 
610 2 0 |a spoločnosti kapitálové 
610 2 0 |a USA 
100 1 |a Jorgenson, Dale W.